Historická genéza a etapy vývoja ochrany medzinárodných investícií
Všeobecne ku genéze ochrany medzinárodných investícií a jej fundamentov. Historické etapy vývoja ochrany medzinárodných investícií. Znárodňovacie a vyvlastňovacie opatrenia v rozvojových krajinách. Absencia relevantných zmluvných nástrojov zakotvujúcich zaobchádzanie a najmä ochranu medzinárodných i...
Gespeichert in:
| 1. Verfasser: | |
|---|---|
| Format: | Buchkapitel |
| Sprache: | Slowakisch |
| Schlagworte: | |
| Tags: |
Keine Tags, Fügen Sie das erste Tag hinzu!
|
MARC
| LEADER | 00000nla$a2200000$$$4500 | ||
|---|---|---|---|
| 001 | 0105576 | ||
| 005 | 20240502072153.8 | ||
| 041 | 0 | |a slo | |
| 044 | |a SK | ||
| 245 | 1 | 0 | |a Historická genéza a etapy vývoja ochrany medzinárodných investícií |c Milan Budjač |
| 520 | |a Všeobecne ku genéze ochrany medzinárodných investícií a jej fundamentov. Historické etapy vývoja ochrany medzinárodných investícií. Znárodňovacie a vyvlastňovacie opatrenia v rozvojových krajinách. Absencia relevantných zmluvných nástrojov zakotvujúcich zaobchádzanie a najmä ochranu medzinárodných investícií. | ||
| 610 | 2 | 0 | |a investície |
| 610 | 2 | 0 | |a právo medzinárodné |
| 610 | 2 | 0 | |a krajiny rozvojové |
| 610 | 2 | 0 | |a krajiny vyspelé |
| 610 | 2 | 0 | |a zvrchovanosť |
| 610 | 2 | 0 | |a vyvlastnenie |
| 610 | 2 | 0 | |a riziko |
| 100 | 1 | |a Budjač, Milan | |